<?xml version="1.0" encoding="UTF-8"?>
<record
    xmlns:xsi="http://www.w3.org/2001/XMLSchema-instance"
    xsi:schemaLocation="http://www.loc.gov/MARC21/slim http://www.loc.gov/standards/marcxml/schema/MARC21slim.xsd"
    xmlns="http://www.loc.gov/MARC21/slim">

  <leader>02563nam0a2200409   4500</leader>
  <controlfield tag="001">RU\NLR\bibl\1027733</controlfield>
  <controlfield tag="005">20250614235803.0</controlfield>
  <datafield tag="010" ind1=" " ind2=" ">
    <subfield code="a">5-7186-0175-5</subfield>
    <subfield code="9">200</subfield>
  </datafield>
  <datafield tag="021" ind1=" " ind2=" ">
    <subfield code="a">RU</subfield>
    <subfield code="b">2006-74089</subfield>
    <subfield code="9">3745</subfield>
  </datafield>
  <datafield tag="035" ind1=" " ind2=" ">
    <subfield code="a">(nilc)EL/0000096366</subfield>
  </datafield>
  <datafield tag="035" ind1=" " ind2=" ">
    <subfield code="a">(NLR Aleph) 001015227</subfield>
  </datafield>
  <datafield tag="090" ind1=" " ind2=" ">
    <subfield code="a">663821</subfield>
    <subfield code="c">663821</subfield>
  </datafield>
  <datafield tag="100" ind1=" " ind2=" ">
    <subfield code="a">20061206d2006    |||y0rusy50      ca</subfield>
  </datafield>
  <datafield tag="101" ind1="0" ind2=" ">
    <subfield code="a">rus</subfield>
  </datafield>
  <datafield tag="102" ind1=" " ind2=" ">
    <subfield code="a">RU</subfield>
  </datafield>
  <datafield tag="105" ind1=" " ind2=" ">
    <subfield code="a">a   z   |||||</subfield>
  </datafield>
  <datafield tag="200" ind1="1" ind2=" ">
    <subfield code="a">&#x41E;&#x440;&#x433;&#x430;&#x43D;&#x438;&#x437;&#x430;&#x446;&#x438;&#x44F; &#x441;&#x43E;&#x446;&#x438;&#x430;&#x43B;&#x44C;&#x43D;&#x43E;&#x433;&#x43E; &#x43A;&#x43E;&#x43D;&#x441;&#x443;&#x43B;&#x44C;&#x442;&#x438;&#x440;&#x43E;&#x432;&#x430;&#x43D;&#x438;&#x44F; &#x43D;&#x430;&#x441;&#x435;&#x43B;&#x435;&#x43D;&#x438;&#x44F;</subfield>
    <subfield code="e">(&#x43D;&#x430; &#x43F;&#x440;&#x438;&#x43C;&#x435;&#x440;&#x435; &#x41E;&#x440;&#x434;&#x436;&#x43E;&#x43D;&#x438;&#x43A;&#x438;&#x434;&#x437;&#x435;&#x432;&#x441;&#x43A;&#x43E;&#x433;&#x43E; &#x440;&#x430;&#x439;&#x43E;&#x43D;&#x430; &#x415;&#x43A;&#x430;&#x442;&#x435;&#x440;&#x438;&#x43D;&#x431;&#x443;&#x440;&#x433;&#x430;)</subfield>
    <subfield code="f">&#x41C;.&#x424;. &#x427;&#x435;&#x440;&#x43A;&#x430;&#x441;&#x43E;&#x432;&#x430;, &#x41E;.&#x421;. &#x417;&#x430;&#x432;&#x438;&#x442;&#x430;&#x435;&#x432;&#x430;, &#x41D;.&#x412;. &#x41C;&#x43E;&#x43B;&#x447;&#x430;&#x43D;&#x43E;&#x432;&#x430;, &#x418;.&#x415;. &#x41B;&#x435;&#x432;&#x447;&#x435;&#x43D;&#x43A;&#x43E;</subfield>
    <subfield code="g">&#x424;&#x435;&#x434;&#x435;&#x440;. &#x430;&#x433;&#x435;&#x43D;&#x442;&#x441;&#x442;&#x432;&#x43E; &#x43F;&#x43E; &#x43E;&#x431;&#x440;&#x430;&#x437;&#x43E;&#x432;&#x430;&#x43D;&#x438;&#x44E;, &#x413;&#x43E;&#x441;. &#x43E;&#x431;&#x440;&#x430;&#x437;&#x43E;&#x432;&#x430;&#x442;. &#x443;&#x447;&#x440;&#x435;&#x436;&#x434;&#x435;&#x43D;&#x438;&#x435; &#x432;&#x44B;&#x441;&#x448;. &#x43F;&#x440;&#x43E;&#x444;. &#x43E;&#x431;&#x440;&#x430;&#x437;&#x43E;&#x432;&#x430;&#x43D;&#x438;&#x44F; "&#x420;&#x43E;&#x441;. &#x433;&#x43E;&#x441;. &#x441;&#x43E;&#x446;&#x438;&#x430;&#x43B;. &#x443;&#x43D;-&#x442;", &#x423;&#x440;&#x430;&#x43B;. &#x438;&#x43D;-&#x442; &#x441;&#x43E;&#x446;&#x438;&#x430;&#x43B;. &#x43E;&#x431;&#x440;&#x430;&#x437;&#x43E;&#x432;&#x430;&#x43D;&#x438;&#x44F; (&#x444;&#x438;&#x43B;. &#x420;&#x413;&#x421;&#x423; &#x432; &#x433;. &#x415;&#x43A;&#x430;&#x442;&#x435;&#x440;&#x438;&#x43D;&#x431;&#x443;&#x440;&#x433;&#x435;), &#x421;&#x432;&#x435;&#x440;&#x434;&#x43B;. &#x440;&#x435;&#x433;&#x438;&#x43E;&#x43D;. &#x43E;&#x442;&#x434;-&#x43D;&#x438;&#x435; &#x41D;&#x430;&#x446;. &#x43E;&#x431;&#x449;. &#x43A;&#x43E;&#x43C;. "&#x420;&#x43E;&#x441;. &#x441;&#x435;&#x43C;&#x44C;&#x44F;"</subfield>
  </datafield>
  <datafield tag="210" ind1=" " ind2=" ">
    <subfield code="a">&#x415;&#x43A;&#x430;&#x442;&#x435;&#x440;&#x438;&#x43D;&#x431;&#x443;&#x440;&#x433;</subfield>
    <subfield code="c">&#x423;&#x440;&#x430;&#x43B;&#x44C;&#x441;&#x43A;&#x438;&#x439; &#x438;&#x43D;&#x441;&#x442;&#x438;&#x442;&#x443;&#x442; &#x441;&#x43E;&#x446;&#x438;&#x430;&#x43B;&#x44C;&#x43D;&#x43E;&#x433;&#x43E; &#x43E;&#x431;&#x440;&#x430;&#x437;&#x43E;&#x432;&#x430;&#x43D;&#x438;&#x44F;</subfield>
    <subfield code="d">2006</subfield>
  </datafield>
  <datafield tag="215" ind1=" " ind2=" ">
    <subfield code="a">163 &#x441;., [2] &#x43B;. &#x446;&#x432;. &#x438;&#x43B;.</subfield>
    <subfield code="c">&#x438;&#x43B;.</subfield>
    <subfield code="d">21</subfield>
  </datafield>
  <datafield tag="300" ind1=" " ind2=" ">
    <subfield code="a">&#x41D;&#x430; 3-&#x439; &#x441;. &#x43E;&#x431;&#x43B;. &#x430;&#x432;&#x442;.: &#x41C;.&#x424;. &#x427;&#x435;&#x440;&#x43A;&#x430;&#x441;&#x43E;&#x432;&#x430; &#x43A;.&#x43F;.&#x43D;., &#x43F;&#x440;&#x43E;&#x444;., &#x41E;.&#x421;. &#x417;&#x430;&#x432;&#x438;&#x442;&#x430;&#x435;&#x432;&#x430; &#x43F;&#x440;&#x435;&#x43F;., &#x41D;.&#x412;. &#x41C;&#x43E;&#x43B;&#x447;&#x430;&#x43D;&#x43E;&#x432;&#x430; &#x43A;.&#x43F;&#x441;&#x438;&#x445;&#x43E;&#x43B;.&#x43D;., &#x434;&#x43E;&#x446;., &#x418;.&#x415;. &#x41B;&#x435;&#x432;&#x447;&#x435;&#x43D;&#x43A;&#x43E; &#x43A;.&#x444;&#x438;&#x43B;&#x43E;&#x441;.&#x43D;., &#x434;&#x43E;&#x446;.</subfield>
  </datafield>
  <datafield tag="320" ind1=" " ind2=" ">
    <subfield code="a">&#x438;&#x431;&#x43B;&#x438;&#x43E;&#x433;&#x440;.: &#x441;. 151-161 (136 &#x43D;&#x430;&#x437;&#x432;.)</subfield>
  </datafield>
  <datafield tag="606" ind1="1" ind2=" ">
    <subfield code="a">&#x41F;&#x441;&#x438;&#x445;&#x43E;&#x441;&#x43E;&#x446;&#x438;&#x430;&#x43B;&#x44C;&#x43D;&#x430;&#x44F; &#x440;&#x430;&#x431;&#x43E;&#x442;&#x430;</subfield>
    <subfield code="9">2175760</subfield>
    <subfield code="3">RU\NLR\auth\661308591</subfield>
  </datafield>
  <datafield tag="610" ind1="0" ind2=" ">
    <subfield code="a">&#x421;&#x43E;&#x446;&#x438;&#x430;&#x43B;&#x44C;&#x43D;&#x43E;&#x435; &#x43A;&#x43E;&#x43D;&#x441;&#x443;&#x43B;&#x44C;&#x442;&#x438;&#x440;&#x43E;&#x432;&#x430;&#x43D;&#x438;&#x435;</subfield>
  </datafield>
  <datafield tag="686" ind1=" " ind2=" ">
    <subfield code="a">65.9(2)27(2&#x420;36)</subfield>
    <subfield code="v">LBC/RL</subfield>
    <subfield code="2">rubbk</subfield>
  </datafield>
  <datafield tag="686" ind1=" " ind2=" ">
    <subfield code="a">&#x421;550.473</subfield>
  </datafield>
  <datafield tag="701" ind1=" " ind2="1">
    <subfield code="a">&#x427;&#x435;&#x440;&#x43A;&#x430;&#x441;&#x43E;&#x432;&#x430;</subfield>
    <subfield code="b">&#x41C;. &#x424;.</subfield>
    <subfield code="g">&#x41C;&#x430;&#x440;&#x438;&#x44F; &#x424;&#x438;&#x43B;&#x438;&#x43F;&#x43F;&#x43E;&#x432;&#x43D;&#x430;</subfield>
    <subfield code="4">070</subfield>
  </datafield>
  <datafield tag="701" ind1=" " ind2="1">
    <subfield code="a">&#x417;&#x430;&#x432;&#x438;&#x442;&#x430;&#x435;&#x432;&#x430;</subfield>
    <subfield code="b">&#x41E;. &#x421;.</subfield>
    <subfield code="g">&#x41E;&#x43B;&#x44C;&#x433;&#x430; &#x421;&#x435;&#x440;&#x433;&#x435;&#x435;&#x432;&#x43D;&#x430;</subfield>
    <subfield code="4">070</subfield>
  </datafield>
  <datafield tag="701" ind1=" " ind2="1">
    <subfield code="4">070</subfield>
    <subfield code="a">&#x41C;&#x43E;&#x43B;&#x447;&#x430;&#x43D;&#x43E;&#x432;&#x430;</subfield>
    <subfield code="b">&#x41D;. &#x412;.</subfield>
    <subfield code="c">&#x43A;&#x430;&#x43D;&#x434;. &#x43F;&#x441;&#x438;&#x445;&#x43E;&#x43B;. &#x43D;&#x430;&#x443;&#x43A;, &#x43F;&#x43E;&#x434;&#x433;&#x43E;&#x442;&#x43E;&#x432;&#x43A;&#x430; &#x441;&#x43E;&#x446;. &#x440;&#x430;&#x431;&#x43E;&#x442;&#x43D;&#x438;&#x43A;&#x43E;&#x432;</subfield>
    <subfield code="g">&#x41D;&#x430;&#x442;&#x430;&#x43B;&#x44C;&#x44F; &#x412;&#x43B;&#x430;&#x434;&#x438;&#x43C;&#x438;&#x440;&#x43E;&#x432;&#x43D;&#x430;</subfield>
    <subfield code="9">137475</subfield>
    <subfield code="3">RU\NLR\AUTH\770137510</subfield>
  </datafield>
  <datafield tag="701" ind1=" " ind2="1">
    <subfield code="a">&#x41B;&#x435;&#x432;&#x447;&#x435;&#x43D;&#x43A;&#x43E;</subfield>
    <subfield code="b">&#x418;. &#x415;.</subfield>
    <subfield code="g">&#x418;&#x43B;&#x44C;&#x44F; &#x415;&#x432;&#x433;&#x435;&#x43D;&#x44C;&#x435;&#x432;&#x438;&#x447;</subfield>
    <subfield code="4">070</subfield>
  </datafield>
  <datafield tag="801" ind1=" " ind2="0">
    <subfield code="a">RU</subfield>
    <subfield code="b">&#x421;&#x432;&#x435;&#x440;&#x434;&#x43B;&#x43E;&#x432;&#x441;&#x43A;&#x430;&#x44F; &#x41E;&#x423;&#x41D;&#x411;</subfield>
    <subfield code="c">20061206</subfield>
    <subfield code="g">rcr</subfield>
  </datafield>
  <datafield tag="801" ind1=" " ind2="1">
    <subfield code="a">RU</subfield>
    <subfield code="b">&#x421;&#x432;&#x435;&#x440;&#x434;&#x43B;&#x43E;&#x432;&#x441;&#x43A;&#x430;&#x44F; &#x41E;&#x423;&#x41D;&#x411;</subfield>
    <subfield code="c">20061206</subfield>
  </datafield>
  <datafield tag="801" ind1=" " ind2="2">
    <subfield code="a">RU</subfield>
    <subfield code="b">NLR</subfield>
    <subfield code="c">20061225</subfield>
    <subfield code="g">rcr</subfield>
  </datafield>
  <datafield tag="830" ind1=" " ind2=" ">
    <subfield code="a">&#x430;&#x432;&#x442;. &#x43F;&#x43E; &#x43A;&#x43D;.</subfield>
  </datafield>
  <datafield tag="942" ind1=" " ind2=" ">
    <subfield code="c">BOOK</subfield>
  </datafield>
  <datafield tag="980" ind1=" " ind2=" ">
    <subfield code="a">NB</subfield>
  </datafield>
  <datafield tag="995" ind1=" " ind2=" ">
    <subfield code="5">2006-12-25</subfield>
    <subfield code="a">ad</subfield>
    <subfield code="b">NLR01</subfield>
    <subfield code="c">NLR01</subfield>
    <subfield code="e">RF9</subfield>
    <subfield code="f">2332956</subfield>
    <subfield code="k">2007-3/270</subfield>
    <subfield code="o">0</subfield>
    <subfield code="r">BOOK</subfield>
    <subfield code="s">20073270_</subfield>
  </datafield>
  <datafield tag="995" ind1=" " ind2=" ">
    <subfield code="5">2006-12-25</subfield>
    <subfield code="a">ad</subfield>
    <subfield code="b">NLR01</subfield>
    <subfield code="c">NLR01</subfield>
    <subfield code="e">RF9</subfield>
    <subfield code="f">2332957</subfield>
    <subfield code="k">2007-3/270</subfield>
    <subfield code="o">0</subfield>
    <subfield code="r">BOOK</subfield>
    <subfield code="s">20073270_</subfield>
  </datafield>
</record>
